ホロライブ全員いえるかな?Can you name all hololive members? - Statistics

General Stats
  • This quiz has been taken 118 times
  • The average score is 48 of 90
Answer Stats
Hints 0期生 % Correct
0期生 ときのそら
90%
0期生 さくらみこ
90%
0期生 星街すいせい
89%
0期生 ロボ子さん
87%
1期生 白上フブキ
83%
ホロライブゲーマーズ 白上フブキ
83%
0期生 AZKi
83%
1期生 アキ・ローゼンタール
80%
3期生(ホロライブファンタジー) 兎田ぺこら
79%
1期生 赤井はあと
76%
1期生 夏色まつり
76%
2期生 大空スバル
76%
2期生 湊あくあ
76%
ホロライブゲーマーズ 猫又おかゆ
76%
3期生(ホロライブファンタジー) 白銀ノエル
76%
3期生(ホロライブファンタジー) 宝鐘マリン
74%
2期生 百鬼あやめ
73%
2期生 紫咲シオン
73%
3期生(ホロライブファンタジー) 不知火フレア
73%
ホロライブゲーマーズ 大神ミオ
71%
ホロライブゲーマーズ 戌神ころね
71%
5期生(ねぽらぼ) 雪花ラミィ
71%
5期生(ねぽらぼ) 桃鈴ねね
71%
2期生 癒月ちょこ
70%
4期生(ホロふぉーす) 天音かなた
70%
4期生(ホロふぉーす) 常闇トワ
70%
5期生(ねぽらぼ) 獅白ぼたん
70%
秘密結社holoX ラプラス・ダークネス
70%
1期生 夜空メル
69%
4期生(ホロふぉーす) 角巻わため
69%
4期生(ホロふぉーす) 姫森ルーナ
69%
4期生(ホロふぉーす) 桐生ココ
69%
秘密結社holoX 鷹嶺ルイ
69%
秘密結社holoX 博衣こより
69%
秘密結社holoX 沙花叉クロヱ
69%
5期生(ねぽらぼ) 尾丸ポルカ
67%
秘密結社holoX 風真いろは
67%
3期生(ホロライブファンタジー) 潤羽るしあ
66%
Myth がうる・ぐら
60%
Myth 森カリオペ
57%
1期生 人見クリス
53%
ホロライブインドネシア こぼ・かなえる
53%
5期生(ねぽらぼ) 魔乃アロエ
51%
ReGLOSS 火威青
51%
ReGLOSS 轟はじめ
51%
ReGLOSS 音乃瀬奏
49%
ホロライブインドネシア クレイジー・オリー
47%
Myth 小鳥遊キアラ
47%
ホロライブインドネシア アユンダ・リス
46%
ホロライブインドネシア アーニャ・メルフィッサ
46%
ReGLOSS 一条莉々華
46%
ホロライブインドネシア ムーナ・ホシノヴァ
44%
Promise ハコス・ベールズ
44%
Advent フワワ・アビスガード
44%
Council ハコス・ベールズ
43%
Project:HOPE IRyS
43%
Promise IRyS
43%
Myth ワトソン・アメリア
41%
ホロライブインドネシア アイラニ・イオフィフティーン
40%
Council 七詩ムメイ
40%
Promise 七詩ムメイ
40%
ホロライブインドネシア カエラ・コヴァルスキア
39%
Council オーロ・クロニー
39%
Council セレス・ファウナ
39%
Promise オーロ・クロニー
39%
Promise セレス・ファウナ
39%
Advent 古石ビジュー
39%
Advent モココ・アビスガード
39%
ReGLOSS 儒烏風亭らでん
37%
FLOW GROW 水宮枢
37%
Justice ジジ・ムリン
36%
ホロライブインドネシア ベスティア・ゼータ
34%
FLOW GROW 綺々羅々ヴィヴィ
34%
ホロライブインドネシア パヴォリア・レイネ
33%
Council 九十九佐命
33%
Advent シオリ・ノヴェラ
33%
FLOW GROW 輪堂千速
33%
Myth 一伊那尓栖
31%
Advent ネリッサ・レイヴンクロフト
31%
Justice セシリア・イマーグリーン
31%
FLOW GROW 響咲リオナ
31%
FLOW GROW 虎金妃笑虎
31%
Justice エリザベス・ローズ・ブラッドフレイム
30%
Justice ラオーラ・パンテーラ
23%
ホロライブ中国1期生 夜霧
14%
ホロライブ中国1期生 黒桃影
13%
ホロライブ中国2期生 朵莉丝
11%
ホロライブ中国2期生 阿媂娅
11%
ホロライブ中国1期生 希薇娅
10%
ホロライブ中国2期生 罗莎琳
10%
No matching quizzes found
Score Distribution
Percent of People with Each Score
Percentile by Number Answered
Your Score History
You have not taken this quiz